Map Quiz - Towns in the UK (A) - Appearing Dots - Statistics

General Stats
  • This quiz has been taken 11 times
  • The average score is 13 of 88
Answers on the Map
Answers color-coded by a green-red scale on the quiz's map according to % correct below.
 
Answer Stats
Answer % Correct
A Accrington
86%
A Ash
86%
A Ashington
71%
A Abingdon
57%
A Aldershot
57%
A Alnwick
57%
A Altrincham
57%
A Ashford
57%
A Aylesbury
57%
A Acle
29%
A Acton
29%
A Aldborough
29%
A Aldbrough
29%
A Alnmouth
29%
A Amble
29%
A Ambleside
29%
A Amersham
29%
A Amesbury
29%
A Andover
29%
A Appleby
29%
A Arundel
29%
A Ashburton
29%
A Abbotsbury
14%
A Aberford
14%
A Abington Pigotts
14%
A Acton Burnell
14%
A Adlington
14%
A Adwick le Street
14%
A Albrighton
14%
A Aldermaston
14%
A Aldington
14%
A Alfriston
14%
A Alston
14%
A Alton
14%
A Alton
14%
A Alvechurch
14%
A Ancaster
14%
A Angmering
14%
A Ashbourne
14%
A Ashprington
14%
A Ashton under Lyne
14%
A Askern
14%
A Atherstone
14%
A Axminster
14%
A Aylesford
14%
A Abbots Bromley
0%
A Adderbury
0%
A Alcester
0%
A Alconbury
0%
A Aldbourne
0%
A Aldeburgh
0%
A Alford
0%
A Alfreton
0%
A Allhallows
0%
A Almondbury
0%
A Almondsbury
0%
A Alphington
0%
A Alrewas
0%
A Alsager
0%
A Alvington
0%
A Alwalton
0%
A Ampthill
0%
A Anerley
0%
A Appleby in Westmorland
0%
A Appledore
0%
A Arkholme
0%
A Arlesey
0%
A Arnesby
0%
A Ashby de la Zouche
0%
A Ashdon
0%
A Ashill
0%
A Ashley
0%
A Ashwell
0%
A Askrigg
0%
A Aspatria
0%
A Aspley Guise
0%
A Aston Cantlow
0%
A Aston on Trent
0%
A Atherton
0%
A Attleborough
0%
A Audlem
0%
A Austwick
0%
A Aveley
0%
A Aveton Gifford
0%
A Axbridge
0%
A Aylburton
0%
A Aylsham
0%
A Aynho
0%
No matching quizzes found
Score Distribution
Percent of People with Each Score
Percentile by Number Answered
Your Score History
You have not taken this quiz